[Event "12th Delhi International Grandmasters Chess Tourna"]
[Site "Ludlow Castle,New Delhi (INDIA)"]
[Date "2014.01.10"]
[Round "3"]
[Board "4"]
[White "Rajesh, V A V"]
[Black "Lalith, Babu M.R."]
[Result "0-1"]
[WhiteElo "2404"]
[BlackElo "2579"]
[PlyCount "92"]
[EventDate "2014.01.09"]
[EventRounds "10"]
[EventCountry "IND"]

1. d4 Nf6 2. c4 b6 3. Nf3 Bb7 4. e3 g6 5. Bd3 Bg7 6. Nc3 d5 7. O-O O-O 8. Qe2
c5 9. Rd1 e6 10. cxd5 exd5 11. b3 Re8 12. Bb2 Nbd7 13. Ba6 Qc8 14. Bxb7 Qxb7
15. dxc5 bxc5 16. Qb5 Nb6 17. Na4 c4 18. Bxf6 Bxf6 19. Rac1 Rac8 20. bxc4 dxc4
21. Rxc4 Rxc4 22. Qxe8+ Kg7 23. Nxb6 Qxb6 24. Ne5 Rc7 25. Nd3 Qa6 26. g3 Qxa2
27. Nf4 Qb3 28. Rd6 Qb1+ 29. Kg2 Qb7+ 30. Kh3 Be7 31. Rd1 Qe4 32. Rd4 Qb1 33.
Qa8 Bf6 34. Ra4 Qf1+ 35. Qg2 Qd1 36. Qe4 g5 37. Nd5 Rc6 38. Kg2 h5 39. Nxf6
Rxf6 40. Ra2 h4 41. Qe5 Qf3+ 42. Kf1 Kh7 43. Qxg5 Qd1+ 44. Kg2 h3+ 45. Kxh3
Qf1+ 46. Kh4 Rh6+ 0-1

[Event "12th Delhi International Grandmasters Chess Tourna"]
[Site "Ludlow Castle,New Delhi (INDIA)"]
[Date "2014.01.10"]
[Round "3"]
[Board "5"]
[White "Evdokimov, Alexander A."]
[Black "Ankit, R. Rajpara"]
[Result "1/2-1/2"]
[WhiteElo "2558"]
[BlackElo "2443"]
[PlyCount "21"]
[EventDate "2014.01.09"]
[EventRounds "10"]
[EventCountry "IND"]

1. Nf3 Nf6 2. c4 c6 3. Nc3 d5 4. e3 e6 5. b3 Nbd7 6. Qc2 Bd6 7. Bb2 O-O 8. h3
b6 9. g4 Bb7 10. g5 Nh5 11. Be2 1/2-1/2

[Event "12th Delhi International Grandmasters Chess Tourna"]
[Site "Ludlow Castle,New Delhi (INDIA)"]
[Date "2014.01.10"]
[Round "3"]
[Board "6"]
[White "Rathnakaran, K."]
[Black "Gagunashvili, Merab"]
[Result "0-1"]
[WhiteElo "2401"]
[BlackElo "2547"]
[PlyCount "68"]
[EventDate "2014.01.09"]
[EventRounds "10"]
[EventCountry "IND"]

1. e4 c5 2. Nf3 e6 3. d3 Nc6 4. g3 Nge7 5. Bg2 g6 6. h4 h6 7. Be3 Bg7 8. c3 b6
9. d4 cxd4 10. cxd4 Ba6 11. Nc3 d5 12. e5 O-O 13. g4 f6 14. exf6 Rxf6 15. Qd2
Qf8 16. Rh3 Rc8 17. Ne2 Bxe2 18. Kxe2 h5 19. gxh5 gxh5 20. Kf1 Nf5 21. Rc1 Rg6
22. Bg5 Ncxd4 23. Nxd4 Rxc1+ 24. Qxc1 Bxd4 25. Rf3 Qc5 26. Qd1 Qb5+ 27. Kg1
Qxb2 28. Qa4 Qa1+ 29. Bf1 Nxh4 30. Qe8+ Kh7 31. Qf7+ Bg7 32. Rg3 Nf5 33. Rg2
Qd1 34. f3 Qd4+ 0-1

[Event "12th Delhi International Grandmasters Chess Tourna"]
[Site "Ludlow Castle,New Delhi (INDIA)"]
[Date "2014.01.10"]
[Round "3"]
[Board "7"]
[White "Sanikidze, Tornike"]
[Black "Shyam, Nikil P."]
[Result "1/2-1/2"]
[WhiteElo "2541"]
[BlackElo "2424"]
[PlyCount "92"]
[EventDate "2014.01.09"]
[EventRounds "10"]
[EventCountry "IND"]

1. d4 Nf6 2. Nc3 d5 3. Bg5 Nbd7 4. e3 h6 5. Bf4 a6 6. Qf3 g5 7. Bg3 c6 8. h3
Qa5 9. Bd3 c5 10. dxc5 Bg7 11. Qd1 Nxc5 12. Nge2 Nh5 13. Qd2 Nxg3 14. Nxg3 Be6
15. O-O Na4 16. Nh5 Be5 17. f4 Bxc3 18. Ng7+ Kd8 19. Nxe6+ fxe6 20. bxc3 Qxc3
21. Qe2 Nc5 22. Qg4 Kd7 23. f5 Raf8 24. fxe6+ Kd6 25. Bf5 Qxe3+ 26. Kh1 Ne4 27.
Bxe4 h5 28. Qd1 Qxe4 29. Re1 Qc4 30. Rb1 b5 31. Qd2 Rf4 32. Qa5 Qc6 33. Qa3+ b4
34. Rxb4 Rxb4 35. Qxb4+ Qc5 36. Qa4 Rd8 37. Qxa6+ Kc7 38. Qe2 g4 39. Qe5+ Kc6
40. Qxh5 gxh3 41. Qxh3 Qxc2 42. Qe3 Rh8+ 43. Kg1 Rg8 44. Rc1 Rxg2+ 45. Kh1 Rh2+
46. Kg1 Rg2+ 1/2-1/2

[Event "12th Delhi International Grandmasters Chess Tourna"]
[Site "Ludlow Castle,New Delhi (INDIA)"]
[Date "2014.01.10"]
[Round "3"]
[Board "8"]
[White "Venkatesh, M.R."]
[Black "Sundararajan, Kidambi"]
[Result "1-0"]
[WhiteElo "2524"]
[BlackElo "2411"]
[PlyCount "87"]
[EventDate "2014.01.09"]
[EventRounds "10"]
[EventCountry "IND"]

1. e4 c6 2. Nc3 d5 3. Nf3 Bg4 4. h3 Bxf3 5. Qxf3 e6 6. d3 Nd7 7. Bd2 Ngf6 8. g3
Bb4 9. a3 Ba5 10. b4 Bb6 11. Bg2 O-O 12. O-O a5 13. exd5 cxd5 14. Nb5 Ne5 15.
Qe2 Nc6 16. c3 Qd7 17. Bg5 Bd8 18. bxa5 Rxa5 19. c4 Be7 20. Rab1 Na7 21. Bd2
Ra6 22. Nxa7 Rxa7 23. Bb4 Re8 24. Qe5 Bf8 25. Rb3 Rc8 26. Rfb1 Bxb4 27. Rxb4
Rc7 28. a4 h6 29. c5 Ne8 30. Qd4 Qc6 31. Rb5 Rc8 32. a5 Qa6 33. Qb4 Nc7 34.
Rxb7 Qxa5 35. Rxa7 Qxa7 36. d4 Ne8 37. Qb5 Qc7 38. Qa6 Rb8 39. Rb6 Kf8 40. Qb5
Rxb6 41. cxb6 Qb8 42. Bf1 Ke7 43. Qa6 Kd6 44. Bb5 1-0

[Event "12th Delhi International Grandmasters Chess Tourna"]
[Site "Ludlow Castle,New Delhi (INDIA)"]
[Date "2014.01.10"]
[Round "3"]
[Board "9"]
[White "Vignesh, Nr"]
[Black "Dzhumaev, Marat"]
[Result "1-0"]
[WhiteElo "2354"]
[BlackElo "2521"]
[PlyCount "93"]
[EventDate "2014.01.09"]
[EventRounds "10"]
[EventCountry "IND"]

1. e4 c5 2. Nf3 e6 3. d4 cxd4 4. Nxd4 Nc6 5. Nc3 Qc7 6. g3 g6 7. Bg2 Nf6 8. O-O
d6 9. Bg5 Be7 10. Rc1 O-O 11. Qd2 h6 12. Be3 Ng4 13. Rfd1 Nxe3 14. Qxe3 Bd7 15.
Nxc6 bxc6 16. Ne2 Rab8 17. b3 Qa5 18. Qd2 Qxd2 19. Rxd2 d5 20. Rcd1 Bc8 21. Nd4
Rb6 22. exd5 cxd5 23. c4 dxc4 24. bxc4 Rd8 25. Nc6 Rxd2 26. Nxe7+ Kf8 27. Nxg6+
fxg6 28. Rxd2 Rb1+ 29. Bf1 Ke7 30. f3 a5 31. Kf2 Ba6 32. Rc2 g5 33. Bd3 Rb4 34.
Ke3 e5 35. Rc3 Bc8 36. c5 Ra4 37. a3 Kd8 38. Bc4 Kc7 39. Kd2 Bb7 40. Kc1 g4 41.
fxg4 Bc6 42. Kb2 Kd7 43. Rd3+ Ke7 44. Kb3 e4 45. Rd6 Bd7 46. Rxd7+ Kxd7 47.
Kxa4 1-0

[Event "12th Delhi International Grandmasters Chess Tourna"]
[Site "Ludlow Castle,New Delhi (INDIA)"]
[Date "2014.01.10"]
[Round "3"]
[Board "10"]
[White "Grover, Sahaj"]
[Black "Ziatdinov, Raset"]
[Result "0-1"]
[WhiteElo "2478"]
[BlackElo "2354"]
[PlyCount "82"]
[EventDate "2014.01.09"]
[EventRounds "10"]
[EventCountry "IND"]

1. d4 Nf6 2. c4 d6 3. Nc3 e5 4. Nf3 e4 5. Ng5 Qe7 6. Qc2 Nc6 7. e3 Bf5 8. f4 h6
9. Nh3 Bxh3 10. gxh3 g5 11. Nd5 Nxd5 12. cxd5 Nb8 13. f5 Bg7 14. Bb5+ Kf8 15.
Bd2 a6 16. Ba4 b6 17. Rg1 h5 18. O-O-O Ra7 19. Be1 b5 20. Bb3 Nd7 21. Qg2 Bh6
22. Ba5 Nf6 23. Kb1 g4 24. Rde1 Qd7 25. hxg4 hxg4 26. h3 Qxf5 27. hxg4 Qg5 28.
Bc2 Nxd5 29. Qxe4 c6 30. Qf3 Bg7 31. e4 Nc7 32. e5 Nd5 33. exd6 Rh6 34. Qa3 Rd7
35. Bc7 Bxd4 36. Qxa6 Kg7 37. Qc8 Qd2 38. Re8 Bxg1 39. g5 Rh8 40. Qxd7 Be3 41.
a3 Nc3+ 0-1

[Event "12th Delhi International Grandmasters Chess Tourna"]
[Site "Ludlow Castle,New Delhi (INDIA)"]
[Date "2014.01.11"]
[Round "4"]
[Board "1"]
[White "Gupta, Abhijeet"]
[Black "Venkatesh, M.R."]
[Result "1-0"]
[WhiteElo "2606"]
[BlackElo "2524"]
[PlyCount "95"]
[EventDate "2014.01.09"]
[EventRounds "10"]
[EventCountry "IND"]

1. d4 Nf6 2. c4 Nc6 3. Nf3 e6 4. g3 d5 5. Bg2 dxc4 6. Qa4 Bb4+ 7. Bd2 Nd5 8.
Bxb4 Ndxb4 9. O-O Rb8 10. Na3 O-O 11. Qb5 b6 12. Qxc4 Ba6 13. Nb5 Qd5 14. Qxd5
Nxd5 15. a4 Na5 16. Ne5 Rbd8 17. Nxa7 Nb4 18. Rac1 Rxd4 19. Rxc7 Bxe2 20. Rfc1
f6 21. Nec6 Naxc6 22. Nxc6 Nxc6 23. R7xc6 Rfd8 24. h3 R8d6 25. Rxd6 Rxd6 26. b4
Rd4 27. Re1 Bd3 28. Rd1 e5 29. a5 bxa5 30. bxa5 e4 31. Bxe4 Rxe4 32. Rxd3 Ra4
33. Rd5 Kf7 34. Rb5 g6 35. g4 Ke6 36. Kg2 f5 37. g5 Ra3 38. f3 f4 39. h4 Kd6
40. Rb6+ Ke5 41. a6 Kd4 42. Re6 Kd5 43. Re7 Rxa6 44. Kh3 Ra1 45. Kg4 Rh1 46.
Rxh7 Ke5 47. Re7+ Kd5 48. Re4 1-0

[Event "12th Delhi International Grandmasters Chess Tourna"]
[Site "Ludlow Castle,New Delhi (INDIA)"]
[Date "2014.01.11"]
[Round "4"]
[Board "2"]
[White "Lalith, Babu M.R."]
[Black "Gasanov, Eldar"]
[Result "1-0"]
[WhiteElo "2579"]
[BlackElo "2469"]
[PlyCount "93"]
[EventDate "2014.01.09"]
[EventRounds "10"]
[EventCountry "IND"]

1. d4 f5 2. c4 Nf6 3. Nc3 d6 4. Bg5 Nbd7 5. e3 g6 6. Bd3 Bg7 7. Nge2 e5 8. f3
c6 9. Qc2 a6 10. a4 Qa5 11. O-O e4 12. fxe4 fxe4 13. Nxe4 Nxe4 14. Bf4 Nef6 15.
Bxd6 Bf8 16. b4 Qg5 17. Bf4 Qh5 18. e4 Bh6 19. e5 Ng4 20. h3 Ne3 21. Qc1 Nxf1
22. Bxh6 Rg8 23. Qg5 Qxg5 24. Bxg5 Rf8 25. Bh6 Rg8 26. Rxf1 Nb6 27. a5 Na4 28.
Bc2 Nb2 29. Nf4 Bf5 30. Rf2 Bxc2 31. Rxc2 Na4 32. Ne6 Ke7 33. d5 Rac8 34. Bg5+
Ke8 35. d6 Kd7 36. Nc7 c5 37. b5 Rxc7 38. dxc7 Kxc7 39. b6+ Kd7 40. Bf6 Ke6 41.
Rd2 Nc3 42. Rd6+ Kf5 43. g4+ Kf4 44. Rd7 Ne4 45. Rxb7 Nxf6 46. exf6 Ke5 47. g5
1-0

[Event "12th Delhi International Grandmasters Chess Tourna"]
[Site "Ludlow Castle,New Delhi (INDIA)"]
[Date "2014.01.11"]
[Round "4"]
[Board "3"]
[White "Gagunashvili, Merab"]
[Black "Vignesh, Nr"]
[Result "1/2-1/2"]
[WhiteElo "2547"]
[BlackElo "2354"]
[PlyCount "49"]
[EventDate "2014.01.09"]
[EventRounds "10"]
[EventCountry "IND"]

1. d4 d5 2. c4 e6 3. Nc3 Be7 4. Nf3 Nf6 5. Bf4 O-O 6. e3 Nbd7 7. a3 c5 8. cxd5
Nxd5 9. Nxd5 exd5 10. dxc5 Nxc5 11. Be5 Bf6 12. Bxf6 Qxf6 13. Qd4 Qd6 14. Rd1
Rd8 15. Be2 Bf5 16. O-O Bc2 17. Rde1 Rac8 18. b4 Ne6 19. Qb2 d4 20. Nxd4 Nxd4
21. Qxd4 Qxd4 22. exd4 Rxd4 23. Rc1 Rdd8 24. Bf3 b6 25. Rfe1 1/2-1/2

[Event "12th Delhi International Grandmasters Chess Tourna"]
[Site "Ludlow Castle,New Delhi (INDIA)"]
[Date "2014.01.11"]
[Round "4"]
[Board "4"]
[White "Ziatdinov, Raset"]
[Black "Kravtsiv, Martyn"]
[Result "1/2-1/2"]
[WhiteElo "2354"]
[BlackElo "2628"]
[PlyCount "44"]
[EventDate "2014.01.09"]
[EventRounds "10"]
[EventCountry "IND"]

1. e4 e5 2. Nf3 Nc6 3. Nc3 Nf6 4. d4 exd4 5. Nxd4 Bb4 6. Nxc6 bxc6 7. Bd3 O-O
8. O-O Re8 9. Bg5 Rb8 10. Re1 d6 11. e5 dxe5 12. Rxe5 Bg4 13. Qe1 Be6 14. Re3
h6 15. Bxf6 Qxf6 16. Bc4 Bd7 17. Rd1 Rxe3 18. Qxe3 Re8 19. Ne4 Qe7 20. Qf4 Be6
21. Bxe6 Qxe6 22. Nf6+ Qxf6 1/2-1/2

[Event "12th Delhi International Grandmasters Chess Tourna"]
[Site "Ludlow Castle,New Delhi (INDIA)"]
[Date "2014.01.11"]
[Round "4"]
[Board "5"]
[White "Shyam, Nikil P."]
[Black "Evdokimov, Alexander A."]
[Result "1/2-1/2"]
[WhiteElo "2424"]
[BlackElo "2558"]
[PlyCount "92"]
[EventDate "2014.01.09"]
[EventRounds "10"]
[EventCountry "IND"]

1. d4 Nf6 2. Nf3 g6 3. Bg5 Bg7 4. Nbd2 O-O 5. e3 d6 6. Bc4 b6 7. O-O Bb7 8. Qe2
c5 9. c3 Nbd7 10. Rfd1 Ne4 11. Nxe4 Bxe4 12. Ne1 Bb7 13. Ba6 Bxa6 14. Qxa6 Re8
15. e4 Qc8 16. Qxc8 Raxc8 17. Be3 cxd4 18. Bxd4 Bh6 19. Nc2 f5 20. exf5 gxf5
21. f3 Kf7 22. a4 Nc5 23. Ra3 Nb7 24. b4 Rc7 25. a5 bxa5 26. Bxa7 axb4 27. Nxb4
Nd8 28. Bb6 Rb7 29. Bf2 Bg7 30. Nc2 Nc6 31. Nd4 Bxd4 32. cxd4 Reb8 33. Kf1 Rb1
34. Rad3 R8b2 35. Rxb1 Rxb1+ 36. Ke2 Nb4 37. Rd1 Rxd1 38. Kxd1 Ke6 39. Kd2 Nd5
40. g3 Nc7 41. g4 Nd5 42. Bh4 Nf6 43. h3 Nd5 44. Bg5 Nf6 45. Ke3 Nd5+ 46. Kd3
fxg4 1/2-1/2

[Event "12th Delhi International Grandmasters Chess Tourna"]
[Site "Ludlow Castle,New Delhi (INDIA)"]
[Date "2014.01.11"]
[Round "4"]
[Board "6"]
[White "Akshat, Khamparia"]
[Black "Sanikidze, Tornike"]
[Result "1-0"]
[WhiteElo "2396"]
[BlackElo "2541"]
[PlyCount "61"]
[EventDate "2014.01.09"]
[EventRounds "10"]
[EventCountry "IND"]

1. d4 g6 2. c4 Bg7 3. Nc3 d6 4. e4 e5 5. d5 Nd7 6. Be2 a5 7. h4 h5 8. Be3 Bh6
9. Qd2 Nc5 10. Bg5 f6 11. Bxh6 Nxh6 12. O-O-O a4 13. Nh3 Nf7 14. f3 Bxh3 15.
gxh3 f5 16. Rdg1 Qf6 17. exf5 gxf5 18. Bd1 Qxh4 19. Bc2 Qf6 20. Rg2 a3 21. Rhg1
axb2+ 22. Kb1 Qh4 23. Rg3 Ke7 24. Rg7 Raf8 25. Bxf5 Kd8 26. Ne4 b6 27. Qc2 Qf4
28. Nxc5 dxc5 29. Be6 Qxf3 30. R7g3 Qf4 31. Qa4 1-0

[Event "12th Delhi International Grandmasters Chess Tourna"]
[Site "Ludlow Castle,New Delhi (INDIA)"]
[Date "2014.01.11"]
[Round "4"]
[Board "7"]
[White "Sengupta, Deep"]
[Black "Vorontsov, Pavlo"]
[Result "1-0"]
[WhiteElo "2538"]
[BlackElo "2380"]
[PlyCount "109"]
[EventDate "2014.01.09"]
[EventRounds "10"]
[EventCountry "IND"]

1. e4 c5 2. Nf3 d6 3. d4 cxd4 4. Nxd4 Nf6 5. Nc3 a6 6. Be3 e5 7. Nb3 Be7 8. Qd2
Be6 9. f3 O-O 10. O-O-O Nbd7 11. g4 b5 12. g5 b4 13. gxf6 bxc3 14. Qxc3 Nxf6
15. Na5 Qd7 16. Nc6 Rac8 17. Nxe7+ Qxe7 18. Qa5 Rc6 19. Rd2 Rb8 20. Kb1 Qb7 21.
b3 Qb4 22. Qxb4 Rxb4 23. Be2 Kf8 24. Rhd1 Ke7 25. Kb2 Rb8 26. Bf1 Rb4 27. Kb1
Rb8 28. Rg2 d5 29. Bd3 d4 30. Bc1 Kf8 31. f4 Nd7 32. fxe5 Rd8 33. Bb2 Nxe5 34.
Be2 Ng6 35. Bxd4 Rdc8 36. Bd3 f6 37. Rf2 Rd8 38. Bb2 Kg8 39. Rg1 Rd7 40. Rg3
Bf7 41. Rf5 Be6 42. Ra5 Nf4 43. Rxa6 Rxa6 44. Bxa6 Rd1+ 45. Bc1 h5 46. a4 g5
47. a5 g4 48. Kb2 Ng6 49. Bb7 h4 50. Rg2 h3 51. Rg3 Ne5 52. a6 Nf3 53. a7 Rd8
54. Rxf3 gxf3 55. Be3 1-0

[Event "12th Delhi International Grandmasters Chess Tourna"]
[Site "Ludlow Castle,New Delhi (INDIA)"]
[Date "2014.01.11"]
[Round "4"]
[Board "8"]
[White "Kathmale, Sameer"]
[Black "Deepan, Chakkravarthy J."]
[Result "0-1"]
[WhiteElo "2351"]
[BlackElo "2475"]
[PlyCount "86"]
[EventDate "2014.01.09"]
[EventRounds "10"]
[EventCountry "IND"]

1. e4 c5 2. c3 d5 3. exd5 Qxd5 4. d4 Bf5 5. Nf3 Nc6 6. Na3 cxd4 7. Nb5 O-O-O 8.
cxd4 e5 9. Nc3 Bb4 10. Bd2 Bxc3 11. bxc3 Nf6 12. Be3 Ng4 13. Be2 Qe4 14. Qd2
exd4 15. cxd4 Rhe8 16. Rc1 Nxe3 17. fxe3 Qxe3 18. Qxe3 Rxe3 19. Kf2 Ra3 20. Bc4
Be6 21. Bxe6+ fxe6 22. Rc2 Kb8 23. Rb1 Nxd4 24. Rcb2 b6 25. Rd1 Nc6 26. Re1 Rd6
27. Ng5 e5 28. Nxh7 Ra4 29. Ng5 Nb4 30. Kg1 a5 31. Nf7 Re6 32. Re4 Ka7 33. h4
Rf6 34. Ng5 Ka6 35. Nf3 Rf4 36. Rxe5 Rxa2 37. Rxa2 Nxa2 38. Rg5 Rf7 39. Nd4 Nc3
40. h5 a4 41. Rg3 Rd7 42. Rxc3 Rxd4 43. Kh2 Rh4+ 0-1

[Event "12th Delhi International Grandmasters Chess Tourna"]
[Site "Ludlow Castle,New Delhi (INDIA)"]
[Date "2014.01.11"]
[Round "4"]
[Board "9"]
[White "Tiwari, Arjun"]
[Black "Ankit, R. Rajpara"]
[Result "0-1"]
[WhiteElo "2300"]
[BlackElo "2443"]
[PlyCount "78"]
[EventDate "2014.01.09"]
[EventRounds "10"]
[EventCountry "IND"]

1. e4 c6 2. d3 d5 3. Nd2 Qc7 4. g3 e5 5. Bg2 Nf6 6. Ngf3 Bd6 7. O-O O-O 8. Re1
Nbd7 9. b3 Re8 10. Bb2 dxe4 11. dxe4 b5 12. a4 a6 13. Nh4 Bf8 14. Nf5 g6 15.
Ne3 Bb7 16. Qe2 Bc5 17. h4 Bd4 18. c3 Bc5 19. Bf3 h5 20. Ndf1 Bf8 21. Qc2 Nc5
22. Bg2 Rad8 23. Red1 bxa4 24. b4 Rxd1 25. Rxd1 Nb3 26. Nd2 c5 27. Nxb3 axb3
28. Qxb3 Bxe4 29. Bxe4 Nxe4 30. Qa4 Re6 31. b5 Qb7 32. bxa6 Rxa6 33. Rd7 Rxa4
34. Rxb7 c4 35. Kg2 Bc5 36. Kf3 Nd2+ 37. Ke2 Bxe3 38. fxe3 Ne4 39. Kf3 f5 0-1

[Event "12th Delhi International Grandmasters Chess Tourna"]
[Site "Ludlow Castle,New Delhi (INDIA)"]
[Date "2014.01.11"]
[Round "4"]
[Board "10"]
[White "Kulkarni, Vikramaditya"]
[Black "Pantsulaia, Levan"]
[Result "0-1"]
[WhiteElo "2336"]
[BlackElo "2614"]
[PlyCount "64"]
[EventDate "2014.01.09"]
[EventRounds "10"]
[EventCountry "IND"]

1. e4 c5 2. Nf3 a6 3. g3 b5 4. Bg2 Bb7 5. Qe2 g6 6. O-O Bg7 7. c3 Nc6 8. Rd1
Rc8 9. d3 d6 10. Nbd2 Nf6 11. a3 O-O 12. b4 Nd7 13. Bb2 cxb4 14. axb4 Nxb4 15.
e5 Nd5 16. e6 Nxc3 17. Bxc3 Bxc3 18. exd7 Qxd7 19. Ra2 a5 20. Nb1 a4 21. Nxc3
Rxc3 22. Rb2 Rfc8 23. Qd2 a3 24. Rb4 Rc2 25. Qe3 Qe6 26. Qxe6 fxe6 27. Rbb1 a2
28. Ra1 Rb2 29. Re1 e5 30. Nxe5 Bxg2 31. Nxg6 hxg6 32. Kxg2 Kf7 0-1

[Event "12th Delhi International Grandmasters Chess Tourna"]
[Site "Ludlow Castle,New Delhi (INDIA)"]
[Date "2014.01.12"]
[Round "5"]
[Board "1"]
[White "Lalith, Babu M.R."]
[Black "Gupta, Abhijeet"]
[Result "0-1"]
[WhiteElo "2579"]
[BlackElo "2606"]
[PlyCount "91"]
[EventDate "2014.01.09"]
[EventRounds "10"]
[EventCountry "IND"]

1. d4 Nf6 2. c4 g6 3. Nc3 d5 4. Qb3 dxc4 5. Qxc4 Bg7 6. e4 O-O 7. Be2 b6 8. e5
Be6 9. exf6 Bxc4 10. fxg7 Kxg7 11. Bxc4 Qxd4 12. Bd5 c6 13. Nge2 Qf6 14. Be4
Nd7 15. Be3 Nc5 16. Bxc5 bxc5 17. Bd3 a5 18. O-O Rfd8 19. Bc4 a4 20. Rac1 Qh4
21. b3 a3 22. Rc2 Ra7 23. Ng3 f5 24. Re1 Rad7 25. Nf1 Kf8 26. Be2 e5 27. Na4
Qb4 28. Rec1 Rd2 29. Nxd2 Rxd2 30. Nxc5 Rxc2 31. Rxc2 Qe1+ 32. Bf1 Qd1 33. Re2
e4 34. b4 Qb1 35. Nb3 f4 36. Nd4 Kg8 37. Nxc6 f3 38. gxf3 exf3 39. Re8+ Kg7 40.
b5 Qxa2 41. Nb4 Qd2 42. Re4 h5 43. b6 Qg5+ 44. Kh1 Qc5 45. Re7+ Qxe7 46. Nc6
0-1

[Event "12th Delhi International Grandmasters Chess Tourna"]
[Site "Ludlow Castle,New Delhi (INDIA)"]
[Date "2014.01.12"]
[Round "5"]
[Board "2"]
[White "Ankit, R. Rajpara"]
[Black "Gagunashvili, Merab"]
[Result "1/2-1/2"]
[WhiteElo "2443"]
[BlackElo "2547"]
[PlyCount "45"]
[EventDate "2014.01.09"]
[EventRounds "10"]
[EventCountry "IND"]

1. e4 c5 2. Nf3 Nf6 3. e5 Nd5 4. Nc3 e6 5. Nxd5 exd5 6. d4 Nc6 7. dxc5 Bxc5 8.
Be2 d6 9. exd6 Qxd6 10. O-O O-O 11. Bg5 Bg4 12. Bh4 Rfe8 13. Bg3 Qd7 14. Re1 h6
15. Qd2 Bxf3 16. Bxf3 Nd4 17. Qd3 Nxf3+ 18. Qxf3 Bd4 19. c3 Bf6 20. Red1 Qb5
21. Rd2 Rad8 22. Rad1 d4 23. cxd4 1/2-1/2

[Event "12th Delhi International Grandmasters Chess Tourna"]
[Site "Ludlow Castle,New Delhi (INDIA)"]
[Date "2014.01.12"]
[Round "5"]
[Board "3"]
[White "Vignesh, Nr"]
[Black "Sengupta, Deep"]
[Result "1/2-1/2"]
[WhiteElo "2354"]
[BlackElo "2538"]
[PlyCount "122"]
[EventDate "2014.01.09"]
[EventRounds "10"]
[EventCountry "IND"]

1. d4 e6 2. c4 f5 3. Nf3 Nf6 4. e3 Bb4+ 5. Bd2 Qe7 6. Bd3 O-O 7. O-O Bxd2 8.
Nbxd2 d6 9. e4 fxe4 10. Nxe4 e5 11. dxe5 dxe5 12. Re1 Nc6 13. Ng3 Bg4 14. h3
Bxf3 15. Qxf3 Rad8 16. Rad1 Qb4 17. Qe2 Nd4 18. Qd2 Qxd2 19. Rxd2 Rfe8 20. Red1
c5 21. Ne4 b6 22. f3 Re7 23. Nc3 Red7 24. Kf2 g6 25. Be4 Kg7 26. Re1 Re7 27. h4
Rf8 28. Nd5 Nxd5 29. Bxd5 Rf4 30. g3 Rf6 31. Kg2 Kf8 32. Rf2 Ke8 33. Re4 Kd7
34. f4 exf4 35. Rfxf4 Rxf4 36. Rxf4 Re2+ 37. Rf2 Rxf2+ 38. Kxf2 Kd6 39. Bg8 h6
40. Bh7 g5 41. hxg5 hxg5 42. Ke3 Ke5 43. Bd3 a5 44. Bg6 Nc6 45. Be4 Ne7 46. Bh7
Nc8 47. Be4 Nd6 48. Bd3 Ne8 49. g4 Nd6 50. a4 Ne8 51. Be2 Nc7 52. Bd3 Ne6 53.
Be4 Nf4 54. Bf3 Ne6 55. Be4 Nd4 56. Bd3 Ke6 57. Ke4 Nc6 58. Be2 Ne5 59. Bd1 Nd7
60. Be2 Nf6+ 61. Ke3 Ke5 1/2-1/2

[Event "12th Delhi International Grandmasters Chess Tourna"]
[Site "Ludlow Castle,New Delhi (INDIA)"]
[Date "2014.01.12"]
[Round "5"]
[Board "4"]
[White "Deepan, Chakkravarthy J."]
[Black "Ziatdinov, Raset"]
[Result "1/2-1/2"]
[WhiteElo "2475"]
[BlackElo "2354"]
[PlyCount "34"]
[EventDate "2014.01.09"]
[EventRounds "10"]
[EventCountry "IND"]

1. d4 Nf6 2. c4 d6 3. Nc3 e5 4. Nf3 Nbd7 5. e4 g6 6. d5 Bg7 7. Bd3 Nh5 8. Bc2
O-O 9. O-O Re8 10. Rb1 Bf8 11. Re1 Ng7 12. b4 f5 13. exf5 gxf5 14. Ng5 Nf6 15.
f4 a5 16. a3 axb4 17. axb4 e4 1/2-1/2

[Event "12th Delhi International Grandmasters Chess Tourna"]
[Site "Ludlow Castle,New Delhi (INDIA)"]
[Date "2014.01.12"]
[Round "5"]
[Board "5"]
[White "Pantsulaia, Levan"]
[Black "Akshat, Khamparia"]
[Result "1-0"]
[WhiteElo "2614"]
[BlackElo "2396"]
[PlyCount "81"]
[EventDate "2014.01.09"]
[EventRounds "10"]
[EventCountry "IND"]

1. Nf3 Nf6 2. g3 g6 3. Bg2 Bg7 4. c4 O-O 5. O-O d6 6. d4 a6 7. Nc3 Nc6 8. d5
Na5 9. b3 c5 10. Bb2 Bd7 11. Nd2 b5 12. Qc2 Rb8 13. Nd1 e6 14. Rb1 Re8 15. Re1
exd5 16. cxd5 b4 17. Ba1 Bb5 18. e3 Nd7 19. Bxg7 Kxg7 20. a4 bxa3 21. Qc3+ Kg8
22. Ra1 c4 23. b4 Nb3 24. Nxb3 cxb3 25. Qxb3 Ne5 26. Nc3 Bd3 27. Qxa3 Qb6 28.
Red1 Rec8 29. Na4 Qxb4 30. Rxd3 Nxd3 31. Qxd3 Rb5 32. Bf3 Ra5 33. Bd1 Qb5 34.
Qd4 Rc4 35. Qf6 Qb4 36. Kg2 Rxd5 37. Qd8+ Kg7 38. Nb6 Qb2 39. Nd7 g5 40. Bh5
Kh6 41. Qf8+ 1-0

[Event "12th Delhi International Grandmasters Chess Tourna"]
[Site "Ludlow Castle,New Delhi (INDIA)"]
[Date "2014.01.12"]
[Round "5"]
[Board "6"]
[White "Kravtsiv, Martyn"]
[Black "Laxman, R.R."]
[Result "1/2-1/2"]
[WhiteElo "2628"]
[BlackElo "2455"]
[PlyCount "55"]
[EventDate "2014.01.09"]
[EventRounds "10"]
[EventCountry "IND"]

1. e4 e5 2. Nf3 Nc6 3. Bb5 Nf6 4. O-O Nxe4 5. d4 Nd6 6. Bxc6 dxc6 7. dxe5 Nf5
8. Qxd8+ Kxd8 9. Nc3 Ke8 10. h3 h5 11. Bg5 Be6 12. Rad1 Bb4 13. a3 Bxc3 14.
bxc3 Bd5 15. Nd4 Nxd4 16. Rxd4 b5 17. Rfd1 a6 18. f3 Rb8 19. Kh2 Kd7 20. c4
bxc4 21. Rxc4 Rb2 22. Rc3 Ke6 23. Be3 Rhb8 24. Rd2 a5 25. Kg3 R8b5 26. Kf4 Ra2
27. Kg5 g6 28. Kf4 1/2-1/2

[Event "12th Delhi International Grandmasters Chess Tourna"]
[Site "Ludlow Castle,New Delhi (INDIA)"]
[Date "2014.01.12"]
[Round "5"]
[Board "7"]
[White "Evdokimov, Alexander A."]
[Black "Stany, G.A."]
[Result "1/2-1/2"]
[WhiteElo "2558"]
[BlackElo "2404"]
[PlyCount "64"]
[EventDate "2014.01.09"]
[EventRounds "10"]
[EventCountry "IND"]

1. Nf3 Nf6 2. c4 e6 3. g3 d5 4. Bg2 dxc4 5. Qa4+ Nbd7 6. Qxc4 a6 7. Qb3 Rb8 8.
a4 b6 9. O-O Bb7 10. Nc3 c5 11. d3 Be7 12. Bf4 Rc8 13. Nd2 Bxg2 14. Kxg2 O-O
15. Rad1 Nh5 16. Be3 Qc7 17. Kg1 Ndf6 18. Bf4 Bd6 19. Bxd6 Qxd6 20. Qc4 Ra8 21.
Nde4 Qb8 22. Nxf6+ Nxf6 23. a5 Rc8 24. axb6 Nd5 25. Na4 Nxb6 26. Nxb6 Qxb6 27.
Rd2 Qb4 28. Rc2 Qxc4 29. Rxc4 Rab8 30. Rc2 g6 31. Ra1 Rb5 32. Kf1 Kg7 1/2-1/2

[Event "12th Delhi International Grandmasters Chess Tourna"]
[Site "Ludlow Castle,New Delhi (INDIA)"]
[Date "2014.01.12"]
[Round "5"]
[Board "8"]
[White "Venkatesh, M.R."]
[Black "Shyam, Nikil P."]
[Result "1-0"]
[WhiteElo "2524"]
[BlackElo "2424"]
[PlyCount "57"]
[EventDate "2014.01.09"]
[EventRounds "10"]
[EventCountry "IND"]

1. e4 c5 2. b3 b6 3. Bb2 Bb7 4. Nc3 e6 5. Qf3 Nc6 6. O-O-O a6 7. Qg3 Nge7 8.
Re1 Qb8 9. f4 b5 10. Nf3 Nd4 11. Nxd4 cxd4 12. Ne2 Bxe4 13. Nxd4 Qb7 14. Bd3
Bxd3 15. Qxd3 Nd5 16. f5 O-O-O 17. Rhf1 Qc7 18. Kb1 Bd6 19. c4 bxc4 20. bxc4
Nb4 21. Qe4 e5 22. Nb3 Nc6 23. c5 Be7 24. Qc4 a5 25. Re4 f6 26. Bc3 d5 27. cxd6
Bxd6 28. Rc1 Kb7 29. Bxa5 1-0